Nicolas Grimaldi, Métamorphoses de l’amour, Paris, Grasset, 2011, 180 p., 13 € (notice n° 1658144)

détails MARC
000 -LEADER
fixed length control field 02048cam a2200169 4500500
005 - DATE AND TIME OF LATEST TRANSACTION
control field 20260208010754.0
041 ## - LANGUAGE CODE
Language code of text/sound track or separate title fre
042 ## - AUTHENTICATION CODE
Authentication code dc
100 10 - MAIN ENTRY--PERSONAL NAME
Personal name Lorvellec, Yves
Relator term author
245 00 - TITLE STATEMENT
Title Nicolas Grimaldi, Métamorphoses de l’amour, Paris, Grasset, 2011, 180 p., 13 €
260 ## - PUBLICATION, DISTRIBUTION, ETC.
Date of publication, distribution, etc. 2012.<br/>
500 ## - GENERAL NOTE
General note 96
520 ## - SUMMARY, ETC.
Summary, etc. RésuméLe Japon rencontre la philosophie occidentale pendant la seconde moitié du xixe siècle, quand il est sommé d’ouvrir ses ports et de moderniser ses infrastructures. Ses dirigeants adoptent alors pour modèle l’Allemagne de Bismarck et la philosophie allemande triomphe dans le monde philosophique. C’est surtout avec la réception de Bergson, dans les années 1910, que les philosophes japonais commencent à s’inté­resser à la philosophie française. Le Japon et ses philosophes entretiennent dès lors de multiples rapports avec elle, non seulement avec les textes mais aussi avec les philosophes français eux-mêmes, avec les institutions et avec l’idée nationale de « philosophie française ».
520 ## - SUMMARY, ETC.
Summary, etc. Japan and French philosophy from mid-19th century to the mid-20th centuryJapan discovered Western philosophy during the second half of the 19th century, when it was summoned to open its harbors and to modernize its infrastructures. Its leaders then adopted the model of Bismarckian Germany and German philosophy triumphed in the philosophical world. It is most notably with the reception of Bergson, in the 1910s, that Japanese philosophers began to be interested in French philosophy. Japan and its philosophers have since then continued to entertain multiple relationships with it, not only through texts but also through French philosophers themselves, along with their institutions and the national concept of a « French philosophy ».
786 0# - DATA SOURCE ENTRY
Note Revue philosophique de la France et de l'étranger | 137 | 3 | 2012-09-11 | p. 385x-440x | 0035-3833
856 41 - ELECTRONIC LOCATION AND ACCESS
Uniform Resource Identifier <a href="https://shs.cairn.info/revue-philosophique-2012-3-page-385x?lang=fr&redirect-ssocas=7080">https://shs.cairn.info/revue-philosophique-2012-3-page-385x?lang=fr&redirect-ssocas=7080</a>

Pas d'exemplaire disponible.

PLUDOC

PLUDOC est la plateforme unique et centralisée de gestion des bibliothèques physiques et numériques de Guinée administré par le CEDUST. Elle est la plus grande base de données de ressources documentaires pour les Étudiants, Enseignants chercheurs et Chercheurs de Guinée.

Adresse

627 919 101/664 919 101

25 boulevard du commerce
Kaloum, Conakry, Guinée

Réseaux sociaux

Powered by Netsen Group @ 2025